000 01034cab a2200205 4500
001 ##L135332
008 061016n2006 000 0 eng u
035 _a(Sirsi) u135332
041 0 _aeng
245 0 0 _aMayor doubles renewable energy targets for new buildings
260 _c2006
490 0 _aGreater London Authority Press Release
520 _aIn "Draft further alterations to the London Plan", Mayor Ken Livingstone has doubled the carbon emission reductions that developments must meet through onsite renewable energy from 10% to 20%. The consultation document also requires new developments to connect to decentralised local energy supplies and for planners and developers to achieve high standards of sustainable building design.
590 _aIKA171006
650 2 4 _aLONDON PLAN
651 4 _aLONDON
690 _aBUILT ENVIRONMENT-SUSTAINABLE CONSTRUCTION
856 4 0 _uhttps://www.london.gov.uk/view_press_release.jsp?releaseid=9347
_zView the press release free of charge at www.london.gov.uk...
942 _n0
999 _c77868
_d77868